| 000 | 00705nas a2200217 4500 | ||
|---|---|---|---|
| 001 | BR9204638 | ||
| 003 | BR-BrBNA | ||
| 005 | 20231205092746.0 | ||
| 007 | ta | ||
| 008 | 230509b bl.|||p| |||| 00| 00por d | ||
| 040 |
_aBR-BrBNA _bpor _cBiblioteca Nacional de Agricultura |
||
| 041 | _a(Pt) | ||
| 072 | _aF70 | ||
| 100 | 1 | _aLeite, N.A. da S. | |
| 245 | 1 | _aEstudos taxonomicos e morfologicos sobre Lamanonia ternata (Cunoniaceae) | |
| 650 | _aCUNONIACEAE | ||
| 650 | _aTAXONOMIA VEGETAL | ||
| 773 | 0 |
_tArquivos da Universidade Federal Rural do Rio de Janeiro (Brazil) _xISSN 0100-2481 _g(Jan-Jun 1983), v. 6(1) p. 49-64 _wBR9204638 |
|
| 909 |
_a202311 _bLúcia _c55 _dLúcia Elande |
||
| 942 |
_2AGRIS _n0 _cANA |
||
| 999 |
_c133964 _d133964 |
||